[Event "8th ECI youth tournament"]
[Site "Eeklo"]
[Date "1981.08.??"]
[Round "7"]
[White "Milligan, Thomas"]
[Black "Cuijpers, Frans André"]
[Result "1-0"]
[WhiteElo "2133"]
[BlackElo "2217"]
[EventDate "1981.08.??"]
[Source "Ed.: D. Van de Bourry, Doorbraak No. 14, KBSK 1981"]

1. e4 d6 2. d4 Nf6 3. Nc3 g6 4. f4 Bg7 5. Bc4 O-O 6. e5 dxe5 7. dxe5 Qxd1+
8. Kxd1 Ne8 9. Be3 Nd7 10. Nd5 e6 11. Ne7+ Kh8 12. Ke2 Nb6 13. Bxb6 axb6 14. h4
h5 15. g4 c6 16. gxh5 gxh5 17. Nf3 Nc7 18. Rag1 Bh6 19. f5 exf5 20. Ng5 Nd5
21. Nxd5 cxd5 22. Bxd5 Be6 23. Nxe6 fxe6 24. Rg6 Bf4 25. Bxe6 Bxe5 26. Rg5 Bf4
27. Rxh5+ Kg7 28. Rxf5 Rxf5 29. Bxf5 Rxa2 30. Rg1+ Kf6 31. Bd3 Rxb2 32. h5 Ke7
33. Rg7+ Kd6 34. h6 Rb1 35. h7 Rh1 36. Rxb7 Kc5 37. Kf3 Be5 38. Ke4 Bb2 39. Kf5
Rh2 40. Rc7+ Kd6 41. Rb7 Kc5 42. Ke6 Rh6+ 43. Kf7 Rh2 44. Bg6 Bd4 45. Kg8 Kb4
46. Rd7 Kc3 47. Rd5 Rh1 48. Rg5 Rh2 49. Rg3+ Kc4 50. Rg4 Kc3 51. Bf7 Be5 52. Rg5
Bd4 53. Rg4 Be5 54. Bb3 Bd4 55. Rxd4 Rg2+ 56. Kf7 Rh2 57. Kg7 Rg2+ 58. Kh6 Rh2+
59. Kg7 Rg2+ 60. Kf6 Rf2+ 61. Kg5 1-0

[Event "8th ECI youth tournament"]
[Site "Eeklo"]
[Date "1981.08.??"]
[Round "7"]
[White "Karadağ, Cem"]
[Black "Gerogiannis, Christodoulos"]
[Result "0-1"]
[WhiteElo "2064"]
[BlackElo "2165"]
[EventDate "1981.08.??"]
[Source "Ed.: D. Van de Bourry, Doorbraak No. 14, KBSK 1981"]

1. e4 d5 2. Nc3 d4 3. Nce2 e5 4. d3 Bb4+ 5. Bd2 Bxd2+ 6. Qxd2 c5 7. g3 Nc6
8. f4 exf4 9. Nxf4 Nge7 10. Bg2 Ne5 11. h3 O-O 12. g4 N7g6 13. O-O-O Be6 14. Nd5
Ne7 15. Re1 Rc8 16. b3 b5 17. g5 c4 18. dxc4 bxc4 19. Qxd4 cxb3 20. axb3 Nxd5
21. exd5 Qxg5+ 22. Kb1 Qxg2 23. dxe6 Qxc2+ 24. Ka1 Rc6 25. exf7+ Kh8 26. Re2
Ra6+ 27. Qa4 Rxa4+ 28. bxa4 Qd1+ 29. Ka2 Qd5+ 30. Kb2 Qxh1 31. Nf3 0-1

[Event "8th ECI youth tournament"]
[Site "Eeklo"]
[Date "1981.08.??"]
[Round "7"]
[White "Michiels, Dirk"]
[Black "James, Simon"]
[Result "1/2-1/2"]
[WhiteElo "2028"]
[BlackElo "2020"]
[EventDate "1981.08.??"]
[Source "Ed.: D. Van de Bourry, Doorbraak No. 14, KBSK 1981"]

1. e4 e5 2. Nf3 Nc6 3. Bb5 a6 4. Ba4 Nf6 5. O-O Be7 6. Re1 b5 7. Bb3 Bb7 8. c3
d5 9. exd5 Nxd5 10. Nxe5 Nxe5 11. Rxe5 Nf4 12. Bxf7+ Kxf7 13. Rf5+ Bf6 14. Rxf4
Qd3 15. Qf1 Be4 16. Rxe4 Qxe4 17. d3 Qd5 18. Be3 c5 19. Nd2 Rad8 20. Ne4 Qxd3
21. Qxd3 Rxd3 22. Nxc5 Rd6 23. Ne4 Rd5 24. Nxf6 Kxf6 25. Kf1 Re8 1/2-1/2

[Event "8th ECI youth tournament"]
[Site "Eeklo"]
[Date "1981.08.??"]
[Round "7"]
[White "Ånstadt, Tor"]
[Black "Geenen, Marc"]
[Result "1-0"]
[WhiteElo "1932"]
[BlackElo "1872"]
[EventDate "1981.08.??"]
[Source "Ed.: D. Van de Bourry, Doorbraak No. 14, KBSK 1981"]

1. Nf3 Nc6 2. d4 d5 3. Bf4 Bg4 4. e3 f6 5. Be2 e5 6. dxe5 Bxf3 7. Bxf3 fxe5
8. Bg3 Nf6 9. Nc3 Bb4 10. O-O e4 11. Bh5+ g6 12. Be2 O-O 13. Nb5 Ba5 14. c4 Ne7
15. cxd5 Nexd5 16. Bc4 c6 17. Nc3 Bxc3 18. bxc3 Kh8 19. Qb3 Qe7 20. Be2 Nd7
21. Qxb7 Qe6 22. Qb2 h5 23. c4+ N5f6 24. Rfd1 Qf5 25. Rd2 Kh7 26. Qb7 g5 27. h4
g4 28. Rad1 Rad8 29. Qxc6 Ne5 30. Qc7+ Ned7 31. c5 Kg6 32. c6 Rc8 33. Qd6 Nb6
34. Bf1 Rfd8 35. Qe7 Nbd5 36. Qxa7 Rxc6 37. Qb7 Rb6 38. Qa7 {White won on time.} 1-0

[Event "8th ECI youth tournament"]
[Site "Eeklo"]
[Date "1981.08.??"]
[Round "7"]
[White "Welvaert, Dirk"]
[Black "van der Zalm, Marnix"]
[Result "1/2-1/2"]
[WhiteElo "1741"]
[BlackElo "1758"]
[EventDate "1981.08.??"]
[Source "Ed.: D. Van de Bourry, Doorbraak No. 14, KBSK 1981"]

1. e4 d6 2. d4 Nf6 3. Nc3 g6 4. Be2 Bg7 5. Be3 Nc6 6. f4 O-O 7. Qd2 e5 8. fxe5
dxe5 9. d5 Nd4 10. O-O-O Nxe2+ 11. Qxe2 b6 12. Nf3 Ne8 1/2-1/2

[Event "8th ECI youth tournament"]
[Site "Eeklo"]
[Date "1981.08.??"]
[Round "7"]
[White "Coffey, Seán"]
[Black "Berend, Freddy"]
[Result "1-0"]
[WhiteElo "2144"]
[BlackElo "1604"]
[EventDate "1981.08.??"]
[Source "Ed.: D. Van de Bourry, Doorbraak No. 14, KBSK 1981"]

1. e4 c5 2. Nf3 d6 3. d4 cxd4 4. Nxd4 Nf6 5. Nc3 a6 6. Bg5 e6 7. f4 b5 8. e5
dxe5 9. fxe5 Qc7 10. exf6 Qe5+ 11. Be2 Qxg5 12. Qd3 Qxf6 13. Rf1 Qe5 14. Rd1 Ra7
15. Nf3 Qc7 16. Ng5 Be7 17. Rxf7 Qxh2 18. Rxe7+ Kxe7 19. Nd5+ exd5 20. Qe3+ Kf6
21. Rxd5 Bf5 22. Qf2 g6 23. Ne4+ Ke6 24. Rd6+ Ke7 25. Qxa7+ Nd7 26. Rxd7+ Bxd7
27. Qc5+ Kd8 28. Qb6+ Ke8 29. Qf6 Bf5 30. Qxh8+ Kd7 31. Qxh7+ Qxh7 32. Nf6+ Ke7
33. Nxh7 1-0

[Event "8th ECI youth tournament"]
[Site "Eeklo"]
[Date "1981.08.??"]
[Round "7"]
[White "Bezsilko, Philippe"]
[Black "Hovestadt, Leo"]
[Result "1-0"]
[WhiteElo "2060"]
[BlackElo "2000"]
[EventDate "1981.08.??"]
[Source "Ed.: D. Van de Bourry, Doorbraak No. 14, KBSK 1981"]

1. e4 c5 2. Nf3 d6 3. d4 cxd4 4. Nxd4 Nf6 5. Nc3 a6 6. Bg5 e6 7. f4 Qb6 8. Nb3
Nbd7 9. Qf3 Be7 10. O-O-O Qc7 11. g4 b5 12. Bxf6 Bxf6 13. Bxb5 Bxc3 14. Bxd7+
Bxd7 15. Qxc3 Qxc3 16. bxc3 Ke7 17. Rd2 Rhd8 18. Na5 Rdc8 19. Nb7 Rxc3 20. Nxd6
Ra7 21. e5 Rac7 22. Re1 Ba4 23. Ree2 Bc6 24. Rf2 Bd5 25. Kb2 f6 26. Rd3 Rxd3
27. cxd3 g5 28. d4 h6 29. fxg5 fxe5 30. dxe5 hxg5 31. Rf7+ Kd8 32. Rxc7 Kxc7
33. Nf7 Kc6 34. Nxg5 Bc4 35. Nf7 1-0

[Event "8th ECI youth tournament"]
[Site "Eeklo"]
[Date "1981.08.??"]
[Round "8"]
[White "Schandorff, Lars"]
[Black "Cardon, Helmut"]
[Result "1/2-1/2"]
[WhiteElo "2109"]
[BlackElo "2265"]
[EventDate "1981.08.??"]
[Source "Ed.: D. Van de Bourry, Doorbraak No. 14, KBSK 1981"]

1. e4 d6 2. d4 Nf6 3. Nc3 g6 4. Be3 c6 5. Qd2 b5 6. Bd3 Nbd7 7. Nf3 e5 8. O-O
Bg7 9. a4 b4 10. Ne2 a5 11. c3 Rb8 12. cxb4 Rxb4 13. Qc2 O-O 14. Bd2 Rb8 15. Bc3
Re8 16. dxe5 dxe5 17. Nc1 Bf8 18. Bc4 Bb4 19. Re1 c5 20. Na2 Qc7 21. Rad1 Re7
22. b3 Nb6 1/2-1/2

[Event "8th ECI youth tournament"]
[Site "Eeklo"]
[Date "1981.08.??"]
[Round "8"]
[White "Kaiser, Wolfgang"]
[Black "Lanzani, Mario"]
[Result "1/2-1/2"]
[WhiteElo "2144"]
[BlackElo "2145"]
[EventDate "1981.08.??"]
[Source "Ed.: D. Van de Bourry, Doorbraak No. 14, KBSK 1981"]

1. e4 c5 2. Nf3 d6 3. Bb5+ Bd7 4. Bxd7+ Qxd7 5. c4 Nc6 6. d4 Qg4 7. O-O cxd4
8. Nxd4 Qxd1 9. Rxd1 Nxd4 10. Rxd4 g6 11. Be3 Bg7 12. Rd2 a6 13. Bd4 Kf8 14. b3
Rc8 15. f3 Bxd4+ 16. Rxd4 Nf6 17. a4 b6 18. Nc3 Kg7 19. Rb1 Rhd8 20. Kf2 Kf8
21. Rd2 e6 22. Rbd1 Ke7 23. Ke3 Ne8 24. Na2 a5 25. Nc3 Nc7 26. Ne2 e5 27. Nc3
Rb8 1/2-1/2

[Event "8th ECI youth tournament"]
[Site "Eeklo"]
[Date "1981.08.??"]
[Round "8"]
[White "Gobet, Fernand"]
[Black "Milligan, Thomas"]
[Result "1/2-1/2"]
[WhiteElo "2000"]
[BlackElo "2133"]
[EventDate "1981.08.??"]
[Source "Ed.: D. Van de Bourry, Doorbraak No. 14, KBSK 1981"]

1. e4 e5 2. Nf3 Nc6 3. Bb5 f5 4. d3 fxe4 5. dxe4 Nf6 6. O-O d6 7. Nc3 Be7
8. Qd3 Bg4 9. h3 Bxf3 10. Qxf3 O-O 11. Qd1 Kh8 12. Be3 Nb8 13. Be2 c6 14. Bf3
Nbd7 15. Qd2 b5 16. a3 Qe8 17. Rad1 Qg6 18. Qe2 a5 19. Bg4 b4 20. Bf5 Qf7
21. Na4 bxa3 22. bxa3 d5 23. exd5 cxd5 24. Bxd7 Nxd7 25. Qb5 Nf6 26. Nb6 Rab8
27. Bc5 Bxc5 28. Qxc5 Qa7 29. Rb1 Ne4 30. Qe3 Qb7 31. f3 Nd6 32. Qxe5 Nc4
33. Nxc4 Qxb1 34. Rxb1 Rxb1+ 35. Kh2 dxc4 36. Qc5 Rbb8 37. Qxa5 h6 38. Qc3 Rfc8
39. f4 Ra8 40. f5 Ra6 41. g4 Ra4 42. Kg2 Rca8 43. f6 Rxa3 44. fxg7+ Kg8
45. Qxc4+ Kxg7 46. c3 R8a7 47. Kg3 Rf7 48. Qd4+ Kh7 49. Kh4 Ra5 50. Qb6 Rg5
51. c4 Rg6 52. Qb1 Kg7 53. Qe4 Rff6 54. Kg3 Rc6 55. c5 Rgf6 56. h4 Rfe6 57. Qd5
Rf6 58. Qd7+ Kf8 59. g5 hxg5 60. hxg5 Rg6 61. Qf5+ Ke7 62. Qe4+ Rge6 63. Qh7+
Ke8 64. Qg8+ Ke7 65. Qg7+ Ke8 66. Qa7 Ra6 67. Qb8+ Ke7 68. Kf4 Ra4+ 69. Kf5 Raa6
70. Qc7+ Ke8 71. Qg7 Rac6 72. Qa7 Ra6 73. Qb7 Rac6 74. Qb3 Ke7 75. Qc3 1/2-1/2

[Event "8th ECI youth tournament"]
[Site "Eeklo"]
[Date "1981.08.??"]
[Round "8"]
[White "Sapis, Witalis"]
[Black "Petakov, Uroš"]
[Result "1/2-1/2"]
[WhiteElo "2000"]
[BlackElo "2000"]
[EventDate "1981.08.??"]
[Source "Ed.: D. Van de Bourry, Doorbraak No. 14, KBSK 1981"]

1. e4 e6 2. d4 d5 3. Nd2 c5 4. exd5 exd5 5. Ngf3 Nc6 6. dxc5 Bxc5 7. Nb3 Bd6
8. c3 Nge7 9. Bd3 Bg4 10. Nbd4 Nxd4 11. Qa4+ Qd7 12. Qxd7+ Bxd7 1/2-1/2

[Event "8th ECI youth tournament"]
[Site "Eeklo"]
[Date "1981.08.??"]
[Round "8"]
[White "Feistenauer, Fred"]
[Black "Gerogiannis, Christodoulos"]
[Result "1/2-1/2"]
[WhiteElo "2100"]
[BlackElo "2165"]
[EventDate "1981.08.??"]
[Source "Ed.: D. Van de Bourry, Doorbraak No. 14, KBSK 1981"]

1. e4 d5 2. Nc3 d4 3. Nce2 e5 4. d3 Bb4+ 5. Bd2 Bxd2+ 6. Qxd2 c5 7. f4 exf4
8. Nxf4 Nc6 9. Nf3 Nge7 10. Be2 O-O 11. O-O Qd6 12. Rae1 Ne5 13. Nxe5 Qxe5
14. Bf3 Be6 15. a3 Rac8 16. g3 Nc6 17. Kg2 Qd6 18. b3 1/2-1/2

[Event "8th ECI youth tournament"]
[Site "Eeklo"]
[Date "1981.08.??"]
[Round "8"]
[White "Coffey, Seán"]
[Black "Rehn, Ralf"]
[Result "1/2-1/2"]
[WhiteElo "2144"]
[BlackElo "2074"]
[EventDate "1981.08.??"]
[Source "Ed.: D. Van de Bourry, Doorbraak No. 14, KBSK 1981"]

1. e4 c5 2. Nf3 e6 3. d4 cxd4 4. Nxd4 Nf6 5. Nc3 Nc6 6. Ndb5 d6 7. Bf4 e5
8. Bg5 a6 9. Na3 b5 10. Nd5 Be7 11. Bxf6 Bxf6 12. c3 O-O 13. Nc2 Bg5 14. a4 Rb8
15. Bd3 Be6 16. axb5 axb5 17. Ncb4 Nxb4 18. Nxb4 Qd7 19. O-O Bd8 20. Qe2 Bb6
21. Bxb5 1/2-1/2

[Event "8th ECI youth tournament"]
[Site "Eeklo"]
[Date "1981.08.??"]
[Round "8"]
[White "Ånstadt, Tor"]
[Black "Michiels, Dirk"]
[Result "1-0"]
[WhiteElo "1932"]
[BlackElo "2028"]
[EventDate "1981.08.??"]
[Source "Ed.: D. Van de Bourry, Doorbraak No. 14, KBSK 1981"]

1. Nf3 e6 2. c4 c5 3. Nc3 Nc6 4. d4 cxd4 5. Nxd4 Bb4 6. Nb5 a6 7. Nd6+ Ke7
8. Bf4 Qa5 9. Rc1 e5 10. Nxc8+ Rxc8 11. Bd2 Nf6 12. a3 Bxc3 13. Bxc3 Qc7 14. g3
Ne4 15. Bg2 Nxc3 16. Rxc3 d6 17. O-O Nd4 18. e3 Ne6 19. Bd5 b6 20. f4 Nd8
21. Qg4 Kf8 22. Rc2 f6 23. fxe5 dxe5 24. Rcf2 Ke8 25. Rd1 Rf8 26. Be6 Rb8 27. b4
g6 28. Bd7+ Ke7 29. Rfd2 f5 30. Qh4+ Rf6 31. Bxf5 1-0

[Event "8th ECI youth tournament"]
[Site "Eeklo"]
[Date "1981.08.??"]
[Round "8"]
[White "Cuijpers, Frans André"]
[Black "Jacobs, Byron Anthony"]
[Result "1-0"]
[WhiteElo "2217"]
[BlackElo "2245"]
[EventDate "1981.08.??"]
[Source "Ed.: D. Van de Bourry, Doorbraak No. 14, KBSK 1981"]

1. e4 e5 2. Nf3 Nc6 3. Bb5 a6 4. Ba4 Nf6 5. d4 exd4 6. O-O Be7 7. Re1 O-O 8. e5
Ne8 9. Bf4 f6 10. Bxc6 dxc6 11. Qxd4 Qxd4 12. Nxd4 f5 13. Nf3 g6 14. Nc3 Ng7
15. h4 Ne6 16. Bh6 Re8 17. Rad1 b5 18. Ng5 b4 19. Nb1 a5 20. Nd2 a4 21. Ndf3
Nxg5 22. Bxg5 Be6 23. Bxe7 Rxe7 24. a3 Rb8 25. Re3 Bd5 26. Rd4 Be4 27. Rc4 bxa3
28. bxa3 Rb1+ 29. Kh2 Rb2 30. Rec3 Bxf3 31. gxf3 Rxe5 32. Rxc6 Re1 33. Rxc7 Rbb1
34. Kg3 Rg1+ 35. Kf4 Rh1 36. Ke5 Rxh4 37. Kf6 Rb6+ 38. R3c6 Rxc6+ 39. Rxc6 h5
40. Kxg6 Kf8 41. Kxf5 Rh2 42. Kg5 Rxf2 43. Rc3 Rh2 44. Rc4 Rf2 45. Rxa4 Rxc2
46. Kxh5 Kf7 47. Kg4 1-0

[Event "8th ECI youth tournament"]
[Site "Eeklo"]
[Date "1981.08.??"]
[Round "8"]
[White "James, Simon"]
[Black "Karadağ, Cem"]
[Result "1-0"]
[WhiteElo "2020"]
[BlackElo "2064"]
[EventDate "1981.08.??"]
[Source "Ed.: D. Van de Bourry, Doorbraak No. 14, KBSK 1981"]

1. d4 Nf6 2. c4 g6 3. Nc3 Bg7 4. e4 O-O 5. Be2 d6 6. Bg5 c6 7. Nf3 Nbd7 8. O-O
Qc7 9. Rc1 Re8 10. b4 e5 11. d5 c5 12. a3 h6 13. Bd2 b6 14. Ne1 Nh7 15. f3 Ndf8
16. Nd3 f5 17. Nb5 Qe7 18. bxc5 bxc5 19. Ba5 Rb8 20. Nf2 a6 21. Nc3 h5 22. Qd2
f4 23. Rb1 Rxb1 24. Rxb1 g5 25. Bd1 Ng6 26. Na4 g4 27. fxg4 hxg4 28. Nxg4 Qh4
29. Qf2 Qg5 30. h3 Nf6 31. Nxf6+ Bxf6 32. Kh1 Qh6 33. Qf3 Qg7 34. Be1 Bd8
35. Nb6 Bb7 36. Ba4 Re7 37. Qg4 f3 38. gxf3 Rf7 39. Be8 Rf4 40. Qxg6 Rxf3
41. Qxg7+ Kxg7 42. Kg2 Re3 43. Bf2 Rxe4 44. Na4 Kf8 45. Bd7 Ba8 46. Rb8 Ke7
47. Rxa8 Kxd7 48. Ra7+ Kc8 49. Nb2 Re2 50. Nd1 Rd2 51. Ne3 Bg5 52. Kf1 e4
53. Rxa6 Kd7 54. Ra7+ Ke8 55. Rg7 Bxe3 56. Bxe3 Rc2 57. Rg6 Rxc4 58. Rxd6 Rc3
59. Re6+ Kd7 60. Rxe4 Kd6 61. Bf4+ Kxd5 62. Re3 Rc1+ 63. Ke2 Rh1 64. Kd2 Rf1
65. Bg5 Ra1 66. Kc2 Kc4 67. Rc3+ Kd5 68. Kb3 Rb1+ 69. Ka4 c4 70. Be7 Rb7 71. Bb4
Ra7+ 72. Ba5 Kd4 73. Rg3 Rb7 74. h4 Rh7 75. Rh3 Rh5 76. Kb4 Rh7 77. Bb6+ Kd5
78. a4 Rh5 79. a5 c3 80. Kxc3 Kc6 1-0

[Event "8th ECI youth tournament"]
[Site "Eeklo"]
[Date "1981.08.??"]
[Round "8"]
[White "van der Zalm, Marnix"]
[Black "Bezsilko, Philippe"]
[Result "1-0"]
[WhiteElo "1758"]
[BlackElo "2060"]
[EventDate "1981.08.??"]
[Source "Ed.: D. Van de Bourry, Doorbraak No. 14, KBSK 1981"]

1. d4 g6 2. e4 c5 3. d5 d6 4. c4 Bg7 5. Nc3 Nf6 6. f4 O-O 7. Nf3 Bg4 8. Be2
Nbd7 9. O-O Rb8 10. h3 Bxf3 11. Bxf3 a6 12. a4 Qa5 13. Ra3 Ne8 14. Re1 Qd8
15. Kh1 Nc7 16. Qd3 b5 17. axb5 Bxc3 18. Rxc3 axb5 19. b3 bxc4 20. bxc4 Na6
21. e5 Nb4 22. Qe2 Ra8 23. exd6 exd6 24. Ra3 Rxa3 25. Bxa3 Qa5 26. Ra1 Qb6
27. Qd2 Rb8 28. Qc3 Na6 29. Bd1 Re8 30. Bb2 f6 31. Bg4 Nab8 32. Be6+ Kg7 33. g4
Qb7 34. Kh2 Rf8 35. g5 Qc7 36. Re1 Qd8 37. Qe3 Re8 38. Qc3 Rf8 39. Ba1 Re8
40. Rb1 Rf8 41. Rb7 1-0

[Event "8th ECI youth tournament"]
[Site "Eeklo"]
[Date "1981.08.??"]
[Round "8"]
[White "Geenen, Marc"]
[Black "Hovestadt, Leo"]
[Result "1-0"]
[WhiteElo "1872"]
[BlackElo "2000"]
[EventDate "1981.08.??"]
[Source "Ed.: D. Van de Bourry, Doorbraak No. 14, KBSK 1981"]

1. e4 c6 2. d4 d5 3. f3 dxe4 4. fxe4 e5 5. Nf3 exd4 6. Bc4 Nf6 7. O-O Be7
8. Ng5 O-O 9. Nxf7 Rxf7 10. Bxf7+ Kxf7 11. e5 Kg8 12. exf6 Bxf6 13. Nd2 Nd7
14. Ne4 Be5 15. Qh5 g6 16. Bg5 gxh5 17. Bxd8 b6 18. Nf6+ Bxf6 19. Bxf6 Ba6
20. Rf3 c5 21. Re1 Rf8 22. Rg3+ Kf7 23. Bh4 Nf6 24. Rf3 Kg6 25. Re6 1-0

[Event "8th ECI youth tournament"]
[Site "Eeklo"]
[Date "1981.08.??"]
[Round "8"]
[White "Berend, Freddy"]
[Black "Welvaert, Dirk"]
[Result "1-0"]
[WhiteElo "1604"]
[BlackElo "1741"]
[EventDate "1981.08.??"]
[Source "Ed.: D. Van de Bourry, Doorbraak No. 14, KBSK 1981"]

1. c4 e5 2. e3 Nc6 3. Nc3 Nf6 4. g3 Bb4 5. Bg2 O-O 6. Nge2 d6 7. Qc2 Bd7 8. O-O
Qc8 9. Rd1 Re8 10. d3 Bh3 11. Bh1 Qf5 12. Bd2 Bc5 13. Ne4 Ng4 14. a3 Re6 15. b4
Rh6 16. bxc5 Nxh2 17. f4 Qg4 18. Kf2 exf4 19. exf4 Qxe2+ 20. Kxe2 Nd4+ 21. Kf2
Ng4+ 22. Ke1 Nxc2+ 23. Ke2 Nxa1 24. Rxa1 Re6 25. f5 Re7 26. cxd6 cxd6 27. Bb4
Rd8 28. Kd2 Red7 29. d4 Nh6 30. f6 Bf5 31. fxg7 Bxe4 32. Bxe4 Kxg7 33. Bc3 f5
34. d5+ Kg6 35. Bd3 Re7 36. Rf1 Rf7 37. Rf4 Kg5 38. Bd4 b6 39. Be3 Kg6 40. Rh4
Ng8 41. g4 Ne7 42. gxf5+ Rxf5 43. Re4 Kf7 44. Rxe7+ Kxe7 45. Bxf5 Rh8 46. Bd4
Rg8 47. Bxh7 Rg2+ 48. Kc3 Ra2 49. Kb3 Rh2 50. Bf5 Kd8 51. Bc3 Kc7 52. Ka4 Rf2
53. Bg6 Rg2 54. Bf7 Rc2 55. Kb4 Rc1 56. Be8 Rb1+ 57. Ka4 Rc1 58. Kb3 Rf1 59. Bb5
Rf3 60. Kb4 Rd3 61. Bb2 Rd2 62. Kc3 Rg2 63. Ba6 Rh2 64. Kb3 Rh3+ 65. Ka4 Rf3
66. Bc1 Rf2 67. Be3 Re2 68. Bd4 Rd2 69. Bc3 Rg2 70. Bb5 Rg3 71. Bb4 Re3 72. Bd2
Rd3 73. Be1 Re3 74. Bh4 Rh3 75. Bg5 Rg3 76. Bf6 Rf3 77. Bb2 Re3 78. Bc6 Rg3
79. Kb4 Re3 80. Bc3 Kb8 81. a4 Kc7 82. Kb3 Rf3 83. Bb5 Re3 84. Kc2 Kd8 85. a5
Kc7 86. Kd2 Re7 87. Kd3 Kc8 88. Bd2 Kc7 89. Bc6 Re5 90. Bf4 Re7 91. a6 Re1
92. Be3 Rf1 93. Ke4 Rf7 94. Bf4 Rf6 95. Bb5 Rf7 96. Kf3 Rg7 97. Bd2 Rf7+ 98. Kg4
Rf6 99. Kg5 Rf2 100. Bc3 Rf3 101. Bf6 Rf2 102. Kg6 Rf3 103. Be8 Rf4 104. Bb5 Rf3
105. Kg7 Rf2 106. Be8 Rf4 107. Bf7 Rxc4 108. Kf8 Rf4 109. Be7 Kd7 110. Bg5 Rf5
111. Be3 Rf3 112. Bd4 Rf4 113. Bxb6 axb6 114. a7 1-0

[Event "8th ECI youth tournament"]
[Site "Eeklo"]
[Date "1981.08.??"]
[Round "9"]
[White "Cardon, Helmut"]
[Black "Sapis, Witalis"]
[Result "1-0"]
[WhiteElo "2265"]
[BlackElo "2000"]
[EventDate "1981.08.??"]
[Source "Ed.: D. Van de Bourry, Doorbraak No. 14, KBSK 1981"]

1. d4 Nf6 2. c4 e6 3. Nc3 Bb4 4. e3 O-O 5. Bd3 d5 6. Ne2 b6 7. a3 Bd6 8. cxd5
exd5 9. Ng3 c5 10. Nf5 cxd4 11. Nxd6 dxc3 12. Nxc8 Qxc8 13. a4 Qc5 14. O-O Nbd7
15. Ra3 cxb2 16. Bxb2 Qd6 17. Bf5 Rad8 18. Rd3 Nc5 19. Rd4 Qe7 20. Rh4 h6
21. Qd4 Rfe8 22. Rh3 Ne6 23. Qh4 Nh7 24. Qg3 Neg5 25. Rh4 f6 26. Rc1 Qd6
27. Qxd6 Rxd6 28. Rd4 Nf8 29. Ba3 Rdd8 30. Rcd1 Re5 31. Bb1 Nge6 32. R4d2 Nc7
33. Rc1 Nfe6 34. Bb2 d4 35. exd4 Ra5 36. Bc2 Nd5 37. Bb3 Kh7 38. h3 Ng5 39. Re2
Rd7 40. Bc2+ g6 41. Bb3 Nf4 42. Re3 Nd5 43. Re2 Nf4 44. Re8 Nd5 45. Rcc8 Nf7
46. Bc1 Ne7 47. Ra8 Kg7 48. Bd2 Rf5 49. Be6 Rc7 50. Bxf5 Nxf5 51. Bf4 Rd7
52. Bb8 N5d6 53. Bxd6 Nxd6 54. Red8 1-0

[Event "8th ECI youth tournament"]
[Site "Eeklo"]
[Date "1981.08.??"]
[Round "9"]
[White "Lanzani, Mario"]
[Black "Schandorff, Lars"]
[Result "1-0"]
[WhiteElo "2145"]
[BlackElo "2109"]
[EventDate "1981.08.??"]
[Source "Ed.: D. Van de Bourry, Doorbraak No. 14, KBSK 1981"]

1. d4 Nf6 2. c4 g6 3. Nc3 Bg7 4. e4 d6 5. Nf3 O-O 6. Be2 e5 7. dxe5 dxe5
8. Qxd8 Rxd8 9. Bg5 Re8 10. Nd5 Nxd5 11. cxd5 c6 12. Bc4 cxd5 13. Bxd5 Nc6
14. O-O-O Nb4 15. Bb3 Be6 16. Bxe6 Rxe6 17. Kb1 f5 18. Bd2 Na6 19. Be3 h6
20. Rd5 b6 21. Rhd1 Rc8 22. Rd8+ Rxd8 23. Rxd8+ Kf7 24. Ra8 Re7 25. Bxb6 axb6
26. Rxa6 Re6 27. Nd2 Bf8 28. Nc4 Bc5 29. f3 Kf6 30. Kc2 Kg5 31. a4 Bg1 32. a5
Rc6 33. Kd3 Bxh2 34. axb6 Rc8 35. b7 Rb8 36. Nd6 Rd8 37. Kc2 1-0

[Event "8th ECI youth tournament"]
[Site "Eeklo"]
[Date "1981.08.??"]
[Round "9"]
[White "Kaiser, Wolfgang"]
[Black "Gobet, Fernand"]
[Result "1/2-1/2"]
[WhiteElo "2144"]
[BlackElo "2000"]
[EventDate "1981.08.??"]
[Source "Ed.: D. Van de Bourry, Doorbraak No. 14, KBSK 1981"]

1. e4 c5 2. Nf3 e6 3. d4 cxd4 4. Nxd4 Nc6 5. Nc3 Qc7 6. Be2 a6 7. O-O Nf6
8. Be3 Bb4 9. Nxc6 bxc6 10. Na4 O-O 11. Nb6 Rb8 12. Nxc8 Rfxc8 13. Bxa6 Rf8
14. Bd3 Bd6 15. f4 e5 16. f5 Rxb2 17. g4 Qa5 18. g5 Bc5 19. Bxc5 Qxc5+ 20. Kh1
Ne8 21. Qh5 f6 22. Rf3 fxg5 23. Qxg5 Nf6 24. Rg3 Rf7 25. Qc1 Rb7 26. Qe1 d5
27. a4 dxe4 28. Bxe4 Rb4 29. Bf3 Rc4 30. a5 Rxc2 31. a6 Ra7 32. Bg2 Rxa6
33. Rxa6 Rc1 34. Ra8+ Kf7 35. Ra7+ Kf8 36. Ra8+ Ne8 37. Ra1 Rxe1+ 38. Rxe1 Kf7
39. Rge3 1/2-1/2

[Event "8th ECI youth tournament"]
[Site "Eeklo"]
[Date "1981.08.??"]
[Round "9"]
[White "Petakov, Uroš"]
[Black "Milligan, Thomas"]
[Result "1-0"]
[WhiteElo "2000"]
[BlackElo "2133"]
[EventDate "1981.08.??"]
[Source "Ed.: D. Van de Bourry, Doorbraak No. 14, KBSK 1981"]

1. d4 d6 2. e4 Nf6 3. Nc3 g6 4. Be2 Bg7 5. f4 O-O 6. Nf3 Nc6 7. O-O d5 8. e5
Ne4 9. Be3 Bg4 10. Nb1 e6 11. Qe1 Ne7 12. Bd3 Nf5 13. c3 Nxe3 14. Qxe3 Bf5
15. Bxe4 Bxe4 16. Nbd2 Bxf3 17. Rxf3 Qe7 18. g4 f5 19. g5 Rfc8 20. Nb3 Bf8
21. h4 a5 22. a4 Qd7 23. Qd3 c5 24. dxc5 Bxc5+ 25. Kg2 Ra6 26. Nd2 Bf8 27. h5
Rb6 28. b3 Rbc6 29. Rc1 Qc7 30. Rh3 Bb4 31. Nb1 Bf8 32. Rch1 Bg7 33. hxg6 hxg6
34. Rh7 Qb6 35. Qh3 R6c7 36. Rxg7+ Rxg7 37. Qh8+ Kf7 38. Qxc8 Qe3 39. Qd7+ Kg8
1-0

[Event "8th ECI youth tournament"]
[Site "Eeklo"]
[Date "1981.08.??"]
[Round "9"]
[White "Rehn, Ralf"]
[Black "Feistenauer, Fred"]
[Result "1-0"]
[WhiteElo "2074"]
[BlackElo "2100"]
[EventDate "1981.08.??"]
[Source "Ed.: D. Van de Bourry, Doorbraak No. 14, KBSK 1981"]

1. e4 c5 2. Nf3 d6 3. d4 cxd4 4. Nxd4 Nf6 5. Nc3 a6 6. Bc4 e6 7. Bb3 b5 8. Qe2
Nbd7 9. Bg5 Nc5 10. Rd1 Qb6 11. O-O Bb7 12. Bxf6 gxf6 13. Qh5 Bc8 14. Rfe1 Nxb3
15. Nd5 Qb7 16. Nxf6+ Ke7 17. Nd5+ exd5 18. exd5+ Kd8 19. cxb3 Qd7 20. Nc6+ Kc7
21. Rc1 Kb7 22. Qh4 Rg8 23. Na5+ Kb8 {My source gives Kb6, but it also gives white's next move without a check.} 24. Qd4 1-0

[Event "8th ECI youth tournament"]
[Site "Eeklo"]
[Date "1981.08.??"]
[Round "9"]
[White "Michiels, Dirk"]
[Black "Bezsilko, Philippe"]
[Result "1/2-1/2"]
[WhiteElo "2028"]
[BlackElo "2060"]
[EventDate "1981.08.??"]
[Source "Ed.: D. Van de Bourry, Doorbraak No. 14, KBSK 1981"]

1. e4 c5 2. Nf3 Nf6 3. e5 Nd5 4. Nc3 e6 5. Nxd5 exd5 6. d4 Nc6 7. dxc5 Bxc5
8. Qxd5 Qb6 9. Bc4 Bxf2+ 10. Ke2 O-O 11. Rf1 Bc5 12. c3 Nd8 13. b4 Be7 14. Be3
Qg6 15. Bd3 Qc6 16. Qb3 d6 17. Qc2 h6 18. Rf2 Bg4 19. exd6 Bxd6 20. h3 Be6
21. Nd4 Qd7 22. Rd1 Qe7 23. Nb5 Bb8 24. Kf1 Bb3 25. Qxb3 Qxe3 26. Bc4 Qg5
27. Nd4 Bc7 28. Nf3 Qe7 29. Re1 Qd7 30. Rd2 Qc6 31. Bd5 Qf6 32. c4 Nc6 33. Kg1
Rae8 34. Rf1 Qe7 35. a3 a5 36. Bxc6 bxc6 37. Re1 Qf6 38. Rde2 Rxe2 39. Rxe2 Rd8
40. c5 1/2-1/2

[Event "8th ECI youth tournament"]
[Site "Eeklo"]
[Date "1981.08.??"]
[Round "9"]
[White "Berend, Freddy"]
[Black "Jacobs, Byron Anthony"]
[Result "0-1"]
[WhiteElo "1604"]
[BlackElo "2245"]
[EventDate "1981.08.??"]
[Source "Ed.: D. Van de Bourry, Doorbraak No. 14, KBSK 1981"]

1. c4 Nf6 2. Nf3 c5 3. g3 e6 4. Bg2 Nc6 5. O-O Be7 6. d3 d5 7. Na3 O-O 8. Bd2
b6 9. Nc2 Bb7 10. a3 dxc4 11. dxc4 Ne4 12. Bf4 Na5 13. Qd3 Qc8 14. Ne3 f6
15. Bh3 Qc6 16. b4 cxb4 17. Nd4 Qe8 18. Bxe6+ Kh8 19. Nd5 Nc5 20. Qe3 Nxc4
21. Qf3 Ne5 22. Qe3 Nxe6 23. Nxe6 Bxd5 24. Nc7 Qf7 25. Nxa8 Rxa8 26. axb4 Bxb4
27. Bxe5 fxe5 28. Qxe5 Re8 29. Qb2 Bc5 30. Qb5 Rf8 0-1